00502nam a2200193 a 4500001001300000003000900013005001700022008004100039020000900080082001600089100002200105245004200127260002900169300000800198500003500206505001700241650002800258700002200286nice12345678IN_TiNIC20260116013749.0050524s1999 dela grp 000 0 eng  ac4900a248.24bVEM aVempeny, Ishanand aConversion National Debat on Dialogue aDelhibMedia Housec1999 a94p aincludes index and biblioraphy2 aBibliography aConversion-Christianity1 aVempeny, Ishanand